Učebnice sanskrtu /

Hlavní autor: Zbavitel, Dušan, 1925-2012
Korporativní autor: Univerzita Karlova
Další autoři: Strnad, Jaroslav, 1954-
Jazyk: Sanskrt
Čeština
Vydáno: Praha : Karolinum, 2006
Vydání: Vyd. 1.
Témata:
Externí odkaz: Digitalizovaný dokument
Fyzický popis: 245, [14] s. ; 30 cm
Knihy
Uloženo v:
LEADER 01769cam a2200469 a 4500
001 nkc20061688787
003 CZ PrNK
005 20080328104837.0
007 ta
008 060731s2006 xr e p 000 0 cze d
015 |a cnb001688787 
020 |a 80-246-1200-3  |q (brož.) 
020 |a 978-80-246-1200-3  |q (dotisk ;  |q brož.) 
035 |a (OCoLC)85555314 
040 |a KLG001  |b cze  |d BOA001  |d ABA001 
041 0 |a cze  |a san 
072 7 |a 811.21/.22  |x Indoíránské jazyky  |2 Konspekt  |9 11 
072 7 |a 37.016  |x Učební osnovy. Vyučovací předměty. Učebnice  |2 Konspekt  |9 22 
080 |a 811.211  |2 MRF 
080 |a (075)  |2 MRF 
100 1 |a Zbavitel, Dušan,  |d 1925-2012  |7 jk01152285  |4 aut 
245 1 0 |a Učebnice sanskrtu /  |c Dušan Zbavitel, Jaroslav Strnad 
250 |a Vyd. 1. 
260 |a Praha :  |b Karolinum,  |c 2006 
300 |a 245, [14] s. ;  |c 30 cm 
500 |a Dotisk r. 2007 
500 |a Sanskrtsko-český, česko-sanskrtský slovník 
504 |a Obsahuje bibliografii 
550 |a Vydavatel: Univerzita Karlova v Praze 
650 0 7 |a sanskrt  |7 ph125420  |2 czenas 
650 0 9 |a Sanskrit language  |2 eczenas 
655 7 |a učebnice  |7 fd133770  |2 czenas 
655 9 |a textbooks  |2 eczenas 
700 1 |a Strnad, Jaroslav,  |d 1954-  |7 jn20000402300  |4 aut 
710 2 |a Univerzita Karlova  |7 kn20010710036 
856 4 1 |u http://www.digitalniknihovna.cz/mzk/uuid/uuid:a0768850-68cb-11e4-b202-005056827e52  |y Digitalizovaný dokument  |x NDK 
910 2 |a BOA001  |b 4-1174.720 
990 |a BK 
995 |a 01 
991 |b 200610  |c NOV 
996 6 |b 2610290655  |c 4-1174.720  |l MZK  |r Sklad / do 1 hodiny  |n 0  |p p.v.  |w 000826917  |u 000010  |a 1  |e BOA001  |j MZK50  |s P 
996 7 |b 2610296890  |c 4-1174.720  |l Vol.výběr  |r VV 1p  |n 40  |p kup  |h 811.1/.9 ZBA  |w 000826917  |u 000020  |a 0  |e BOA001  |j MZK50  |s A